header

Down syndrome across the life span (Record no. 170626)

MARC details
000 -LEADER
fixed length control field 01555nam a2200373Ia 4500
245 00 - TITLE STATEMENT
Title Down syndrome across the life span
260 ## - PUBLICATION, DISTRIBUTION, ETC. (IMPRINT)
Place of publication London ;
-- Philadelphia :
Name of publisher Whurr Publishers,
Year of publication 2002.
300 ## - PHYSICAL DESCRIPTION
Number of Pages xv, 219 p. :
Other physical details ill.
500 ## - GENERAL NOTE
General note "The 7th World Congress on Down syndrome was held in Sydney, Australia, in March 2000"-- Pref.
650 #0 - SUBJECT ADDED ENTRY--TOPICAL TERM
Topical Term Down syndrome.
Topical Term Down syndrome
Topical Term Down syndrome
Topical Term People with mental disabilities
700 1# - ADDED ENTRY--PERSONAL NAME
Personal name Cuskelly, Monica.
Personal name Jobling, Anne.
Personal name Buckley, Sue.
856 40 - ELECTRONIC LOCATION AND ACCESS
Uniform Resource Identifier http://site.ebrary.com/lib/rucke/Doc?id=10301097

No items available.

© 2026 Rongo University
Contact us: librarian | system librarian | Rongo university